000 00511ntaaa2200193 4500
003 01
005 20251027203125.0
008 0714s1973 ag 01
040 _aAR-BaBN
_bspa
_cAR-BaBN
_eaacr
_dRIC
082 _a783.4000 G76q
100 _aGraham, Roberto
_932783
245 _aQué fulgor!
250 _a1 ed.
260 _aEl Paso :
_bCasa Bautista de Publicaciones,
_c1973
300 _a28 p.
500 _aUna cantata de Navidad para voces de niños.
650 _aCantatas-Navidad
_932784
942 _cBK
999 _c26694
_d26694